000 01204nam a2200277Ia 4500
003 OSt
005 20220930094724.0
006 a|||||r|||| 00| 0
007 ta
008 220926b |||||||| |||| 00| 0 hin d
024 _a3160
037 _cTheses
040 _aCRL
_cCRL
_bhin
041 _2hin
_ahin
100 _aमीना
110 _aदिल्ली विश्वविद्यालय. कला संकाय. राजनीति विज्ञान विभाग
_9556123
245 0 _aउत्तर प्रदेश विधानसभा में दलित विधायकों का अध्ययन 1997-2002
246 _aUttar pradesh vidhānasabhā mean dalit vidhāyakoan kā adhyayan 1997-2002
260 _c2011
300 _a274पृ0
_ap.
_ccm.
650 _aभारतीय राजनीति
700 _a आर्य, साधना, गा.
700 _aदिल्ली विश्वविद्यालय. कला संकाय. राजनीति विज्ञान विभाग
_9556124
942 _cDIS
_2CC
999 _c887559
_d887559